000 00854nam a2200193Ia 4500
001 11499
003 GE_BSU
008 181216s||||||||xx |||||||||||||| ||und||
040 _cGE_BSU
100 _aსაბაშვილი,მ.ნ; ჭანიშვილი,შ.თ; მენაღარიშვილი,ა.ჯ.
245 _aზოგადი მიწათმოქმედება ნიადაგმცოდნეობითა და აგროქიმიით.
245 _cრედ:მ.ნ.საბაშვილი.
260 _aთბილისი
260 _bცოდნა
260 _c1960
300 _a590გვ;23სმ.
653 _aზოგადი მიწათმოქმედება ნიადაგმცოდნეობითა და აგროქიმიით.
942 _cBK
999 _c44695
_d44695